000 10913 a2200673 4500
005 2008121605275.0
008 081216t xxu||||| |||| 00| 0 hin d
010 _aB-291919-953
020 _a8189412213
_c150.00
035 _aB-291919-953
035 _aB-317745
037 _bआविष्कार प्रका.
040 _adpl
_bhn
082 _a510
100 _aबिजेन्द्र मोहन
245 _aगणितः प्रश्नोत्तरी /
_cबिजेन्द्र मोहन
260 _aदिल्ली
_bआविष्कार प्रकाशन
_c2007
270 _aएल-20/13, प्रथम तल, गली नं.5 शिवाजी मार्,करतार नगर
_bदिल्ली
_e110053
300 _a128प,
_c22 सेमी (सजिल्द)
942 _adpl
_cHN
_k/ बिजेन्द्र
_2ddc
_h510
_mबिजेन्द्र
999 _c12607
_d12607